Konkurence na trhu zasílatelských a dopravních služeb působí pozitivně.
Rozhovor s generálnym riaditeľom a.s. Čechofracht Ing. S. Machom o ponuke špeditérskych služieb pre čs. podnikateľov. História vývoja a.s. Čechofracht. Postavenie na trhu, akcionári a zámery do budúcnosti. Konkrétna ponuka služieb. Adresár pobočiek.
Salvato in:
| Autore principale: | |
|---|---|
| Altri autori: | |
| Natura: | Capitolo di libro |
| Lingua: | ceco |
| Soggetti: | |
| Tags: |
Nessun Tag, puoi essere il primo ad aggiungerne!!
|
MARC
| LEADER | 00000naa a2200000 4500 | ||
|---|---|---|---|
| 001 | r006790 | ||
| 005 | 20221125081157.4 | ||
| 041 | 0 | |a cze | |
| 044 | |a [CS] | ||
| 245 | 1 | 0 | |a Konkurence na trhu zasílatelských a dopravních služeb působí pozitivně. |c S. Mach, M. Tomášová |
| 520 | |a Rozhovor s generálnym riaditeľom a.s. Čechofracht Ing. S. Machom o ponuke špeditérskych služieb pre čs. podnikateľov. História vývoja a.s. Čechofracht. Postavenie na trhu, akcionári a zámery do budúcnosti. Konkrétna ponuka služieb. Adresár pobočiek. | ||
| 610 | 2 | 0 | |a doprava nákladná |
| 610 | 2 | 0 | |a Čechofracht |
| 610 | 2 | 0 | |a zasielateľstvá |
| 610 | 2 | 0 | |a podnik dopravný |
| 610 | 2 | 0 | |a ČSFR |
| 610 | 2 | 0 | |a konkurencia |
| 610 | 2 | 0 | |a trh |
| 610 | 2 | 0 | |a služby |
| 100 | 1 | |a Mach, S. | |
| 700 | 1 | |a Tomášová, M. | |